Атлас и контурни карти със задачи по Човекът и обществото за ІV клас (Запис номер 207798)
[ съкратено ]
| 000 -Лидер | |
|---|---|
| Контролно поле с фиксирана дължина | nem a22 a 4500 |
| 003 - Код на организацията, давaща контролен номер | |
| Контролно поле | BLK |
| 005 - Дата и час на последна редакция | |
| Контролно поле | 20230309141051.0 |
| 008 - Елементи от данни с фиксирана дължина | |
| fixed length control field | 180412b bul rap|r|||| r0| c|bulo| |
| 010 ## - Наследен системен номер | |
| LC control number | KNG00068503000 |
| 020 ## - Международен стандартен номер на книга ISBN | |
| Международен стандартен номер на книга ISBN | 954-01-1811-5 |
| 040 ## - Източник на каталожния запис | |
| Идентификатор на билиотеката - собственик на записа | BLK |
| 041 ## - Код за език | |
| Код за езика на текст/звукозапис или на отделно заглавие | Български |
| Код за езика КДБФ | Български |
| 080 ## - УДК | |
| Текстов определител УДК | Родинознание |
| УДК код - определител по УДК | 372.48 |
| УДК определител | (075.2)(084.4) |
| УДК - код + определител | 372.48(075.2)(084.4) |
| 080 ## - УДК | |
| Текстов определител УДК | Методика по природознание |
| УДК код - определител по УДК | 372.850.2 |
| УДК определител | (075.2)(084.4) |
| УДК - код + определител | 372.850.2(075.2)(084.4) |
| 100 1# - Редна дума - Автор | |
| Автор | Босева, Мария Йорданова |
| Авторска отговорност | първи автор |
| R(LIN) | 367227 |
| 139 ## - Редно поле | |
| Редна дума | България |
| Авторски знак | Бъл - Б 92 |
| 245 10 - Сведения за заглавието | |
| Заглавие | Атлас и контурни карти със задачи по Човекът и обществото за ІV клас |
| Редно поле (дума) | Мария Йорданова Босева; съавт. Магдалена Димитрова. |
| 257 ## - Страна на издаване | |
| Страна на създаване/издаване | България |
| 260 ## - Област на издателските данни | |
| Място на издаване, разпространение и проч. | София |
| Име на издателя, разпространителя и проч. | Просвета |
| Година на издаване | 2005 |
| Печатница | Русе : Дунав прес |
| 300 ## - Физическа характеристика | |
| Страници | 48, 8 с. |
| Илюстрации и др. | с цв. ил. |
| Размери/Мащаб | 29 см |
| 380 ## - Жанр | |
| Жанр | Обществени науки |
| 650 #4 - Допълнително описание по предмет – тема | |
| Основно описание – тема или топоним | Атласи |
| 9 (RLIN) | 147824 |
| 653 ## - Ключова дума – ненормативна | |
| Ключова дума | атласи |
| 653 ## - Ключова дума – ненормативна | |
| Ключова дума | учебни помагала |
| 653 ## - Ключова дума – ненормативна | |
| Ключова дума | ІV кл. |
| 700 1# - Други автори (авторска отговорност) | |
| Лично име | Димитрова, Магдалена |
| Автороска отговорност (Описва отношението между автора и произведението) | съавт. |
| Друга информация | Николова, Магдалена Димитрова |
| 9 (RLIN) | 386857 |
| 710 1# - Име на организация или юридическо лице като допълнителен термин за търсене | |
| Наименование на организация или юридическо лице като редна дума | България |
| 9 (RLIN) | 241624 |
| 852 ## - Местоположение | |
| Форматна сигнатура | Цб Кр ІІ 322 |
| 856 4# - Електронен адрес и достъп | |
| Електронен формат | pdf - файл |
| Път до файла /url/ | |
| Инструкция (цена за достъп) | 3.90 |
| Права за достъп | disable |
| 856 4# - Електронен адрес и достъп | |
| Електронен формат | pdf - файл |
| Път до файла /url/ | |
| Инструкция (цена за достъп) | 3.90 |
| Права за достъп | disable |
| 999 ## - СИСТЕМНИ КОНТРОЛНИ НОМЕРА | |
| Koha biblionumber | 207798 |
| Koha biblioitemnumber | 207798 |
| 942 ## - АРТИКУЛИ | |
| Вид на библиотечния материал | Картографски издания |
| Скрит в OPAC | Не |
| Периодичен библиозапис | Да |
| 944 ## - СЪЗДАВАНЕ И РЕДАКЦИЯ на ЗАПИСА | |
| Създаване/Редакция | Създаване |
| Дата на регистрацията/редакция | 06.10.2006 |
| Статус, дата на статуса | ф / |
| Служител, извършил регистрацията/редакцията | Людмила_Стоянова |
| 944 ## - СЪЗДАВАНЕ И РЕДАКЦИЯ на ЗАПИСА | |
| Създаване/Редакция | Редакция |
| Дата на регистрацията/редакция | 04.02.2014 |
| Статус, дата на статуса | ф / |
| 999 ## - СИСТЕМНИ КОНТРОЛНИ НОМЕРА | |
| Koha biblioitemnumber | 207798 |
| 999 ## - СИСТЕМНИ КОНТРОЛНИ НОМЕРА | |
| Koha biblioitemnumber | 207798 |
| Код за отписване | Код за изгубен артикул | Източник на класификационната схема | Код за повреда | Коз за рестрикции | Код за отдаване | Артикулен № | Име на библиотеката - собственик | Име на библиотеката, в която се намира в момента | Статус (Текущо местоположение) | Дата на вписване в системата | Местоположение - отдел | Цена в лева | Инвентарен номер | Систематично азбучна сигнатура | Баркод | Номер на екземпляра | Цена в евро | Служебна бележка | Служебен тип на артикула |
|---|---|---|---|---|---|---|---|---|---|---|---|---|---|---|---|---|---|---|---|
| Не е изгубен | Universal Decimal Classification | Не е повреден | без рестрикции | ползва се в читалня | 358784 | Регионална библиотека "Любен Каравелов" Русе | Регионална библиотека "Любен Каравелов" Русе | Хранилище | 2006-10-06 | Хранилище | 3.90 | 120000705713 | Цб Кр ІІ 322 | 120000705713 | 1 | 1.99 | Дост: Dp Вид: Д N: 43 Дата: 12.10.2005 | Картографски издания | |
| Изтеглен | Не е изгубен | Universal Decimal Classification | Не е повреден | без рестрикции | заемане за дома | 358785 | Регионална библиотека "Любен Каравелов" Русе | Регионална библиотека "Любен Каравелов" Русе | Детски отдел | 2014-01-07 | Детски отдел | 3.90 | 120000773091 | ДН 372.48/Б 92 | 120000773091 | 2 | 1.99 | Дост: DA Вид: А N: 1 Дата: 07.01.2014 Дата инв: 21.08.2015 Бележки инв: Д2015 | Картографски издания |